000 00537nam a22001817a 4500
003 UA-OsUOA
001 11866
007 ta
008 20050413b un ||||| |||| 00| 0 ukr d
100 _aКосарчук В.
942 _cSA
040 _aUA-OsUOA
_cUA-OsUOA
_dUA-OsUOA
245 _aПодатківці і платники : шлях до партнерства
300 _aС.6
955 _a0
773 0 _w0
_tУрядовий кур'єр
_dКиїв
_d2005
_gN67/12 квіт./
650 7 _aПодаткова служба
_2UDC
999 _c298027
_d298027